| 000 | 00353 a2200157 4500 | ||
|---|---|---|---|
| 001 | 47235 | ||
| 020 | _a8572081674 (broch.) | ||
| 040 | _cAnchieta - Aquarius | ||
| 100 | _aVaz, Paulo Bernardo | ||
| 240 | 1 | 0 |
_aO bicho-homem _lpor |
| 245 | 1 | 0 | _aO bicho-homem |
| 300 | _a43p. | ||
| 362 | 0 | _a2005 | |
| 650 | 4 | _aLiteratura infanto-juvenil | |
| 942 | _cBK | ||
| 999 |
_c47235 _d47235 |
||